| 000 | 00696pam a2200229 a 4500 | ||
|---|---|---|---|
| 001 | 2806620 | ||
| 003 | OSt | ||
| 005 | 20150113160325.0 | ||
| 008 | 821202s1983 enk 001 0 eng | ||
| 020 | _a0412548607 (pbk.) | ||
| 040 |
_aDLC _cDLC _dDLC |
||
| 082 | 0 | 0 |
_aWB 18 G981 1994 _219 |
| 100 | 1 |
_aGupta, K. _92382 |
|
| 245 | 1 | 0 |
_a100 short cases for the MRCP / _cK. Gupta. |
| 260 |
_aLondon ; _aNew York : _bChapman and Hall, _cc1994. |
||
| 300 |
_axvii, 283 p. ; _c22 cm. |
||
| 500 | _aIncludes index. | ||
| 650 | 0 |
_aPhysical diagnosis _xCase studies. _92383 |
|
| 740 | 0 | _aOne hundred short cases for the MRCP. | |
| 906 |
_a7 _bcbc _corignew _d1 _eocip _f19 _gy-gencatlg |
||
| 942 |
_2z _cSLOAN |
||
| 999 |
_c882 _d882 |
||